Pauline Concept of Supernatural Powers: (Record no. 33458)

MARC details
000 -LEADER
fixed length control field 00843cam a2200265 a 4500
001 - CONTROL NUMBER
control field 250240
005 - DATE AND TIME OF LATEST TRANSACTION
control field 20190404162244.0
008 - FIXED-LENGTH DATA ELEMENTS--GENERAL INFORMATION
fixed length control field 840830s1981 enka b 000 0 eng
010 ## - LIBRARY OF CONGRESS CONTROL NUMBER
LC control number 2008160900
020 ## - INTERNATIONAL STANDARD BOOK NUMBER
International Standard Book Number 9781842275320
035 ## - SYSTEM CONTROL NUMBER
System control number (CStRLIN)NYCG84-B55802
040 ## - CATALOGING SOURCE
Modifying agency CStRLIN
043 ## - GEOGRAPHIC AREA CODE
Geographic area code f-nr---
050 0# - LIBRARY OF CONGRESS CALL NUMBER
Classification number BL2480.I2
Item number G38 2008
100 1# - MAIN ENTRY--PERSONAL NAME
Personal name Gatumu, Kabiro wa
245 10 - TITLE STATEMENT
Title Pauline Concept of Supernatural Powers:
Remainder of title A reading from the African worldview /
Statement of responsibility, etc Kabiro wa Gatumu
Medium Book
260 ## - PUBLICATION, DISTRIBUTION, ETC. (IMPRINT)
Place of publication, distribution, etc UK:
Name of publisher, distributor, etc Paternoster,
Date of publication, distribution, etc c2008.
300 ## - PHYSICAL DESCRIPTION
Extent xxvi, 299 p. :
Other physical details ill. ;
Dimensions 22 cm.
500 ## - GENERAL NOTE
General note also includes 18 pages of paternoster biblical monographs
504 ## - BIBLIOGRAPHY, ETC. NOTE
Bibliography, etc Bibliographical references and indexes
650 #0 - SUBJECT ADDED ENTRY--TOPICAL TERM
General subdivision African Christianity
650 #0 - SUBJECT ADDED ENTRY--TOPICAL TERM
Topical term following geographic name as entry element Africa
Relator term problems in demythologising
942 ## - ADDED ENTRY ELEMENTS (KOHA)
Source of classification or shelving scheme Library of Congress Classification
Item type Book
Holdings
Withdrawn status Lost status Source of classification or shelving scheme Damaged status Not for loan Collection code Home library Current library Shelving location Date acquired Source of acquisition Cost, normal purchase price Total Checkouts Total Renewals Full call number Barcode Date last seen Date last borrowed Cost, replacement price Price effective from Koha item type
    Library of Congress Classification     Non-fiction Bishop Okullu Memorial Library (Limuru Campus) Bishop Okullu Memorial Library (Limuru Campus) Special Collection 07/01/2009 Donation 0.00 7 1 SPE BL2480.I2 G38 2008 000119 31/07/2023 31/07/2023 0.00 07/01/2009 Book